书目信息 |
| 题名: |
《国民经济和社会发展第十一个五年规划纲要》学习辅导
|
|
| 作者: | 本书编写组编 | |
| 分册: | ||
| 出版信息: | 北京 中共中央党校出版社 2006 |
|
| 页数: | 284页 | |
| 开本: | 21cm | |
| 丛书名: | ||
| 单 册: | ||
| 中图分类: | F123.393 | |
| 科图分类: | ||
| 主题词: | 国民经济计划--五年计划--中国--学习参考资料 , 五年计划 , 国民经济计划 | |
| 电子资源: | ||
| ISBN: | 7-5035-3430-3 | |
| 000 | 00901nam0 2200229 450 | |
| 001 | 010700020097 | |
| 005 | 20061119100041.37 | |
| 010 | @a7-5035-3430-3@dCNY25.00 | |
| 100 | @a20060418d2006 em y0chiy0110 ea | |
| 101 | 0 | @achi |
| 102 | @aCN@b110000 | |
| 105 | @ay z 000yy | |
| 200 | 1 | @a《国民经济和社会发展第十一个五年规划纲要》学习辅导@9《 guo min jing ji he she hui fa zhan di shi yi ge wu nian gui hua gang yao》 xue xi fu dao@f本书编写组编@Fben shu bian xie zu bian |
| 210 | @a北京@c中共中央党校出版社@d2006 | |
| 215 | @a284页@d21cm | |
| 330 | @a本书内容包括:“十一五”时期我国经济社会发展取得巨大成就、“十一五”时期我国经济社会发展面临的有利条件和不利因素、“十一五”发展的指导原则等。 | |
| 606 | 0 | @a国民经济计划@x五年计划@y中国@j学习参考资料 |
| 606 | 0 | @a五年计划 |
| 606 | 0 | @a国民经济计划 |
| 690 | @aF123.393@v4 | |
| 801 | 0 | @aCN@bRENTIAN@c20061119 |
| 905 | @a10447@dF123.393@e163 | |
| 《国民经济和社会发展第十一个五年规划纲要》学习辅导/本书编写组编.-北京:中共中央党校出版社,2006 |
| 284页;21cm |
| ISBN 7-5035-3430-3:CNY25.00 |
| 本书内容包括:“十一五”时期我国经济社会发展取得巨大成就、“十一五”时期我国经济社会发展面临的有利条件和不利因素、“十一五”发展的指导原则等。 |
| ● |
| 相关链接 |
|
|
|
|
正题名:《国民经济和社会发展第十一个五年规划纲要》学习辅导
索取号:F123.393/163
 
预约/预借
| 序号 | 登录号 | 条形码 | 馆藏地/架位号 | 状态 | 备注 |
| 1 | 0393464 | 203934644 | 第一样本阅览室/ [索取号:F123.393/163] | 在馆 | |
| 2 | 0393465 | 203934653 | 第一借阅区/ [索取号:F123.393/163] | 在馆 | |
| 3 | 0393466 | 203934662 | 第一借阅区/ [索取号:F123.393/163] | 在馆 | |
| 4 | 0393467 | 203934671 | 第一借阅区/ [索取号:F123.393/163] | 在馆 | |
| 5 | 0393468 | 203934680 | 第一借阅区/ [索取号:F123.393/163] | 在馆 |